000 00962nam0a22002771 4500
001 v19\rc\1718605
005 20250619040135.0
035 _a(NLR Aleph) 004816794
090 _a4980487
_c4980487
100 _a20061002d1914 |||y0rusy50 ca
101 0 _arus
102 _aRU
105 _ay z |||a|
200 1 _aТанец греха
_eПьеса в 4 д.
_f[Соч.] С.М. Ратова
210 _aСанкт-Петербург
_c"Сев. театр. б-ка" К.П. Ларина
_d[1914?]
215 _a48 с.
_d28
309 _aБез тит. л. и обл.
309 _aНаписано от руки. Литогр.
700 1 _7ca
_8rus
_aРатов
_bС. М.
_cактер, драматург
_f1866-1924
_gСергей Михайлович
_9189246
_3RU\NLR\AUTH\770189297
801 0 _aRU
_bNLR
_gpsbo
801 0 _aRU
_bRuMoRGB
_2psbo
801 1 _aRU
_bProSoft-M
_2rusmarc
852 _aNLR
_jЛ30/Б-8/4
942 _cBOOK
980 _aNB